000 00935cam8a220024100 4500
001 qce02032193
005 20190822081944.0
008 840327s1983 vtuabcd 001 0 eng d
010 _a 82074088
020 _a0804814546
035 _a(Sirsi) r49419
035 _a(QCAT)lss04054848
035 _a(UPRA)qce02032193
040 _dUPRA
100 1 _aPuette, William J.
_6A7454.1
245 1 0 _aGuide to the Tale of Genji :
_bby Murasaki Shikibu /
_cWilliam J. Puette.
260 _aRutland, VT ; Tokyo, Japan :
_aRutland, VT ; Tokyo, Japan :
_bCharles E. Tuttle Co.,
_c1983.
600 0 0 _aMurasaki Shikibu, b. 978? Tale of the Genji.
_dMurasaki Shikibu, b. 978? Tale of the Genji.
_tMurasaki Shikibu, b. 978? Tale of the Genji.
_6S5147.1
700 0 _aMurasaki Shikibu, b. 978?
_dMurasaki Shikibu, b. 978?
_6A7455.1
949 _aPL788.4
_wlcc
_i-61754
_mMAIN
_tBOOK
_lON-SHELF
004 49419
987 _acall number : unreadable?
999 _c121059
_d121059